000 00851nam a22002297a 4500
008 240605b mp ||||| |||| 00| 0 mon d
020 _a978-99973-1-794-0
035 _a14202
040 _aHE0623081
_bmon
_cMN-UlNLM
_dMN-UlNLM
_erda
041 _amon
042 _a32609
084 _2NNA
_a84(4Гер)
_bК.989
100 _aКэстнер Э.
245 0 _aЛотте, Луизе хоёр
264 _aУБ.
_bМонсудар
_c2019
300 _a188х.
336 _2rdacontent
_atext
_btxt
337 _2rdamedia
_aunmediated
_bn
338 _2rdacarrier
_avolume
_bnc
650 _aНэрт зохиолч, яруу найрагч Эрих Кастнер нь 1960 онд бага насныхаа намтар зохиолоор Ханс Кристиан Андерсений шагналыг хүртсэн бөг...
942 _2NNA
_cBK
999 _c886044
_d886101